| 000 | 00614nam a22001817a 4500 | ||
|---|---|---|---|
| 005 | 20170511145924.0 | ||
| 010 | _aENG-118107 | ||
| 020 |
_a9788126920785 _c795.00 |
||
| 035 | _aEN-101639 | ||
| 037 | _bDBAD/PUB | ||
| 082 | _a001.422 | ||
| 100 | _aK. Kalyanaraman | ||
| 245 |
_aStatistical methods fpr research / _bA step- by- step approach using IBM SPSS / _cBY K. Kalyanaraman, Hareesh N. Ramanathan and P.N. Harikumar |
||
| 260 |
_aNew Delhi _bATLANTIC _c2016 |
||
| 270 | _a7/22, Ansari Road, DaryaGanj, New Delhi- 110002 | ||
| 300 |
_a266p. _c22cm. (Hb) |
||
| 942 |
_2ddc _cEN _h001.422 _mKAL |
||
| 999 |
_c139723 _d139723 |
||